Statistics for Top 100 "B" Baby Boy Names - USA 2022

Click here to take the quiz!

General Stats

  • This quiz has been taken 135 times
  • The average score is 34 of 100

Answer Stats

Answer% Correct
Bo
98%
Ben
97%
Benjamin
97%
Billy
84%
Brandon
82%
Beaux
80%
Bradley
79%
Brian
78%
Bryan
78%
Beau
71%
Bobby
67%
Blake
64%
Brice
61%
Bryce
61%
Bruce
60%
Braden
56%
Brady
55%
Brodie
54%
Brody
54%
Benny
53%
Braiden
53%
Brenden
53%
Brayden
52%
Brendan
51%
Brent
49%
Barry
48%
Beck
48%
Brett
48%
Bennett
47%
Bentlee
47%
Bentley
47%
Brock
47%
Bernard
46%
Bailey
45%
Benson
43%
Bode
40%
Bodhi
40%
Bodie
40%
Braxton
39%
Braxtyn
39%
Brycen
39%
Brysen
39%
Bryson
39%
Brooks
37%
Barrett
36%
Blaine
35%
Byron
35%
Beckham
33%
Beckett
32%
Boston
31%
Brennan
27%
Brantlee
26%
Brantley
26%
Baker
24%
Bryant
24%
Braylen
23%
Braylon
23%
Blaze
22%
Benedict
21%
Bruno
21%
Benton
20%
Banks
19%
Branson
19%
Braylin
19%
Baylor
18%
Blaise
17%
Bear
16%
Bernardo
16%
Bowen
16%
Boyd
15%
Bronson
15%
Baron
14%
Barron
14%
Bellamy
14%
Boden
14%
Briggs
14%
Brixton
14%
Bastian
12%
Boone
12%
Bowie
12%
Brayson
12%
Briar
12%
Bridger
11%
Brighton
11%
Bishop
9%
Brecken
9%
Brentley
9%
Bronx
9%
Benito
8%
Booker
8%
Benicio
6%
Bjorn
6%
Brayan
4%
Braydon
3%
Brexton
3%
Bilal
2%
Boaz
2%
Braven
1%
Brigham
1%
Benaiah
0%

Score Distribution

Percentile by Number Answered

Percent of People with Each Score

Your Score History

You have not taken this quiz